[Event "3rd NH"]
[Site "Amsterdam NED"]
[Date "2008.08.24"]
[Round "5"]
[White "Bareev,E"]
[Black "Wang Yue"]
[Result "0-1"]
[WhiteElo "2655"]
[BlackElo "2704"]

1.c4 c6 2.e4 d5 3.exd5 cxd5 4.d4 Nf6 5.Nc3 Nc6 6.Bg5 dxc4 7.Bxc4 h6 8.Be3 e6
9.Nf3 Be7 10.O-O O-O 11.Rc1 b6 12.a3 Bb7 13.Qe2 Bd6 14.Rfd1 Ne7 15.Ne5 Nfd5
16.Nxd5 Nxd5 17.Bd2 Qh4 18.Nf3 Qh5 19.Ne5 Qh4 20.Nf3 Qe7 21.Ne5 Rfc8 22.Re1 Qh4
23.Nf3 Qh5 24.Ne5 Qxe2 25.Bxe2 Ne7 26.Nc4 Bc7 27.Ne3 Bf4 28.g3 Bg5 29.h4 Bf6
30.Bc3 Nd5 31.Ng4 Nxc3 32.Nxf6+ gxf6 33.Rxc3 Rxc3 34.bxc3 Rc8 35.Rc1 e5 36.dxe5 fxe5
37.f3 Kf8 38.Kf2 Rc5 39.Ke3 Ra5 40.Ra1 Ke7 41.f4 Kf6 42.Rf1 Bd5 43.g4 Rxa3
44.fxe5+ Kxe5 45.Rf5+ Kd6 46.Kd4 Be6 47.Rh5 Ra2 48.Bd3 Bxg4 49.Rxh6+ Ke7
50.Rh8 Ra5 51.Be4 Ra4+ 52.c4 Be6 53.Bd5 Bxd5 54.Kxd5 Ra5+ 55.Kd4 Kf6 56.h5 Rc5
57.Ra8 a5 58.Rb8 Rc6 59.Rg8 Rd6+ 60.Ke4 Re6+ 61.Kd4 Ke7 62.Rg5 Rf6 63.Rb5 Rd6+
64.Ke4 Kf6 65.c5 bxc5 66.Rxa5 Re6+ 67.Kf4 Rc6 68.Ra1 c4 69.Rg1 Rc5 70.Rh1 Kg7
71.Ke3 c3  0-1

[Event "ch-PAR Playoff"]
[Site "Asuncion/Ciudad del Este PAR"]
[Date "2008.08.24"]
[Round "6"]
[White "Patriarca,L"]
[Black "Hernandez,Ang"]
[Result "1-0"]
[WhiteElo "2318"]
[BlackElo "2210"]

1.c4 c6 2.Nf3 d5 3.e3 Nf6 4.Nc3 g6 5.d4 Bg7 6.b3 Nbd7 7.Bb2 O-O 8.Be2 a6
9.O-O Re8 10.Ne5 dxc4 11.Nxc4 Nb6 12.Nxb6 Qxb6 13.Na4 Qd8 14.Rc1 h5 15.h3 Qa5
16.Bc3 Qg5 17.f4 Qh6 18.Nb6 Rb8 19.Nxc8 Rbxc8 20.Bf3 g5 21.fxg5 Qxg5 22.Bd2 e5
23.Rc5 Nd7 24.Bxh5 Rf8 25.Ra5 b6 26.Rxa6 exd4 27.exd4 Qd5 28.Be3 Rcd8 29.Bf3 Qd6
30.Kh1 Qc7 31.b4 Nb8 32.Ra3 Qd6 33.Rd3 Qxb4 34.d5 c5 35.Rb3 Qa5 36.Bg5 Rd7
37.Bg4 c4 38.Bxd7 cxb3 39.Bf5 Re8 40.axb3 Re5 41.Qg4 Kf8 42.Be6 Re1 43.Qf3 Rxf1+
44.Qxf1 Qa1 45.Qxa1 Bxa1 46.Bc8 Ke8 47.Bf4 Nd7 48.Bxd7+ Kxd7 49.g4  1-0

[Event "16th Nikea Open"]
[Site "Athens GRE"]
[Date "2008.08.25"]
[Round "1"]
[White "Ornithopoulos,N"]
[Black "Sergeev,A KAZ"]
[Result "0-1"]
[WhiteElo "2091"]
[BlackElo "2354"]

1.c4 c6 2.Nf3 d5 3.b3 Nf6 4.Bb2 Bg4 5.Ne5 Bh5 6.h3 Nfd7 7.Nd3 f6 8.cxd5 cxd5
9.Nc3 d4 10.Nb5 e5 11.g4 Bf7 12.Bg2 Nc6 13.Na3 Nb6 14.Nc2 Bd5 15.f3 Bd6 16.O-O Qe7
17.e3 dxe3 18.Nxe3 O-O-O 19.Rc1 Kb8 20.Nf5 Qd7 21.Qe2 Rhe8 22.Qe3 g6 23.Nxd6 Qxd6
24.Qc5 Bf7 25.Qxd6+ Rxd6 26.Nc5 Rxd2 27.Rf2 Red8 28.Rc2 Rxc2 29.Rxc2 Nb4
30.Rf2 Rd1+ 31.Kh2 g5 32.Ba3 Nd3 33.Nxd3 Rxd3 34.f4 gxf4 35.Be7 Nd5 36.Bxd5 Bxd5
37.Bxf6 Re3 38.Rd2 Bc6 39.Kg1 Kc7 40.g5 Kb6 41.h4 Rg3+ 42.Kh2 e4 43.h5 e3
44.Rb2 Rg4 45.g6 hxg6 46.h6 g5  0-1

[Event "TCh-MNE Premier"]
[Site "Herceg Novi MNE"]
[Date "2008.08.25"]
[Round "1"]
[White "Raicevic,M"]
[Black "Kalezic,B"]
[Result "0-1"]
[WhiteElo "2359"]
[BlackElo "2429"]

1.c4 c6 2.e4 e5 3.Nc3 d6 4.Nf3 c5 5.b4 Nc6 6.b5 Nd4 7.Nxd4 cxd4 8.Nd5 Ne7
9.Be2 Nxd5 10.cxd5 f5 11.d3 Qa5+ 12.Bd2 Qxb5 13.f4 Be7 14.Rb1 Qd7 15.fxe5 dxe5
16.exf5 O-O 17.O-O Qxd5 18.Qc2 Rxf5 19.Rxf5 Bxf5 20.Bf3 e4 21.dxe4 d3 22.Qb3 Qxb3
23.Rxb3 Be6 24.Rxb7 Bc5+ 25.Kh1 Bxa2 26.Rd7 a5 27.Rxd3 a4 28.Bc3 a3 29.Rd7 Bf8
30.Kg1 Rc8 31.Bd4 Be6 32.Ra7 a2 33.Ra5 Bc5  0-1

[Event "44th Rubinstein Mem Open A"]
[Site "Polanica Zdroj POL"]
[Date "2008.08.26"]
[Round "8"]
[White "Mucha,R"]
[Black "Litwin,J"]
[Result "0-1"]
[WhiteElo "2160"]
[BlackElo "2181"]

1.c4 c6 2.e4 d5 3.exd5 cxd5 4.d4 Nf6 5.Nc3 Nc6 6.c5 e5 7.dxe5 Nxe5 8.Be3 Be7
9.Bb5+ Bd7 10.b4 O-O 11.a3 Re8 12.Be2 Bg4 13.h3 Bf5 14.Bd4 Bf8 15.Bxe5 Rxe5
16.Nf3 Re8 17.O-O a6 18.Rc1 g6 19.Nd4 Bd7 20.Bf3 Bh6 21.Rb1 Ne4 22.Nxe4 dxe4
23.Be2 Bg7 24.Nb3 Qe7 25.Kh1 Rad8 26.Qc1 Qh4 27.Qe3 Be5 28.f4 exf3 29.Qxf3 Bc6
30.Qg4 Qxg4 31.Bxg4 Rd3 32.Na5 Be4 33.Rbe1 f5 34.Bf3 Bg3 35.Re2 Re7 36.Nc4 Red7
37.Rb2 Rc3 38.Nb6 Rdd3 39.Be2 Rd4 40.a4 Bc7 41.Kg1 a5 42.Nc8 Bd5 43.bxa5 Rxc5
44.Rb5 Rxa4  0-1

[Event "3rd NH"]
[Site "Amsterdam NED"]
[Date "2008.08.27"]
[Round "7"]
[White "Ljubojevic,L"]
[Black "L'Ami,E"]
[Result "0-1"]
[WhiteElo "2555"]
[BlackElo "2610"]

1.c4 c6 2.Nf3 d5 3.Qc2 Nf6 4.g3 Bg4 5.Bg2 e6 6.O-O Nbd7 7.d4 Be7 8.Bf4 O-O
9.Rc1 a5 10.cxd5 exd5 11.Nc3 Re8 12.h3 Bxf3 13.Bxf3 Nf8 14.Qb3 Ne6 15.Be5 Ra7
16.Bxf6 Bxf6 17.e3 Bxd4 18.Nxd5 cxd5 19.exd4 Nxd4 20.Qd3 Nxf3+ 21.Qxf3 Qd6
22.Rd1 Rd8 23.Rd4 b6 24.Rad1 Rad7 25.h4 Qe5 26.h5 h6 27.b3 Rd6 28.Kg2 R8d7
29.R1d2 Rf6 30.Qg4 Rd8 31.Qd1 Rfd6 32.Qf3 Qg5 33.Qd1 Kh8 34.a3 Qe5 35.R2d3 Kg8
36.Rd2 Qe7 37.a4 Qe6 38.R2d3 Qd7 39.Rd2 Qf5 40.Rf4 Qc8 41.Rfd4 Qc3 42.R2d3 Qc5
43.Rd2 Rf6 44.Rc2 Qe7 45.Rcd2 Qb7 46.Kg1 Rf5 47.R2d3 Qc6 48.g4 Re5 49.f4 Ree8
50.Rxd5 Rxd5 51.Rxd5 Re4 52.Qd2 Qe6 53.Rd8+ Kh7 54.Rd4 Qxg4+ 55.Kf2 Qh4+
56.Kf3 Rxd4 57.Qxd4 Qxh5+ 58.Kg3 Qg6+ 59.Kh4 f5 60.Qd1 Qg2  0-1

[Event "XXV Open"]
[Site "Collado Villalba ESP"]
[Date "2008.08.27"]
[Round "6"]
[White "Suba,M"]
[Black "Candela Perez,J"]
[Result "1-0"]
[WhiteElo "2507"]
[BlackElo "2407"]

1.c4 c6 2.e4 d5 3.cxd5 cxd5 4.exd5 Nf6 5.Nc3 Nxd5 6.Nf3 Nc6 7.Bb5 e6 8.O-O Be7
9.d4 O-O 10.Re1 Bf6 11.Ne4 Nce7 12.Nxf6+ Nxf6 13.Bg5 b6 14.Ne5 a6 15.Bxf6 gxf6
16.Nc6 Nxc6 17.Bxc6 Ra7 18.Re3 f5 19.d5 Qf6 20.Qb3 f4 21.Re4 exd5 22.Bxd5 Rd8
23.Rae1 Kg7 24.Re5 Rc7 25.h4 h6 26.Bf3 b5 27.h5 Be6 28.Qa3 Rd2 29.Qxa6 Qh4
30.R5e2 Rxe2 31.Bxe2 Rc2 32.Qxb5 Bc4 33.Qc5 f3 34.Bxf3  1-0

[Event "ch-ISL"]
[Site "Reykjavik ISL"]
[Date "2008.08.27"]
[Round "1"]
[White "Stefansson,H"]
[Black "Halldorsson,J"]
[Result "1-0"]
[WhiteElo "2566"]
[BlackElo "2165"]

1.c4 c6 2.Nf3 d5 3.e3 Nf6 4.Nc3 Bg4 5.cxd5 Bxf3 6.Qxf3 cxd5 7.d4 Nc6 8.Bd3 e6
9.O-O Be7 10.Qh3 Rc8 11.Bd2 a6 12.Rac1 Bd6 13.Rfd1 O-O 14.e4 dxe4 15.Nxe4 Nxe4
16.Bxe4 f5 17.Bxc6 Rxc6 18.Rxc6 bxc6 19.Qb3 Re8 20.Re1 Qb8 21.Qc4 Qb5 22.Rc1 Qxc4
23.Rxc4 Rc8 24.Ra4 Ra8 25.Bb4 Bc7 26.Ba3 Kf7 27.Rc4 Bb6 28.Kf1 Rc8 29.Bd6 Bd8
30.f4 Bf6 31.Rb4 Ke8 32.Bc5 Kd7 33.Rb6 Ra8 34.Rb7+ Kc8 35.Rf7 Rb8 36.b4 a5
37.bxa5 Rb1+ 38.Ke2 Rb2+ 39.Kd3 Rxa2 40.Bb6 Kb8 41.Kc4 Ra4+ 42.Kb3 Ra1 43.Kb4 Rd1
44.Kc5 Bxd4+ 45.Kxc6 Bxb6 46.axb6 Rc1+ 47.Kd6 Rc4 48.g3  1-0

[Event "1st Dragon Capital Vietnam Open"]
[Site "Vung Tau VIE"]
[Date "2008.08.27"]
[Round "2"]
[White "Dang Bich Ngoc"]
[Black "Sie Thu"]
[Result "1-0"]
[WhiteElo "2194"]
[BlackElo "2414"]

1.c4 c6 2.e4 e5 3.Nf3 d6 4.d4 Qc7 5.Be2 Nf6 6.Nc3 Bg4 7.Be3 Nbd7 8.Nh4 Bxe2
9.Qxe2 g6 10.f4 Bg7 11.dxe5 dxe5 12.f5 O-O 13.g4 Rfd8 14.O-O Bf8 15.Qf3 Bg7
16.Rf2 Nb6 17.Qe2 Nxc4 18.Qxc4 Nxg4 19.fxg6 hxg6 20.Re2 Nxe3 21.Rxe3 Qb6
22.Qe2 Bh6 23.Ng2 Rd4 24.Rf1 Rad8 25.Qf2 Bxe3 26.Nxe3 Qc7 27.Ng4 Qe7 28.Qe3 Rd3
29.Qc1 Rd2 30.Nf6+ Kg7 31.Ncd5 R2xd5 32.exd5 cxd5 33.Qg5 Rd6 34.Nh5+ Kf8
35.Qh6+ Ke8 36.Nf6+ Kd8 37.Qh8+ Kc7 38.Ne8+ Kc6 39.Nxd6  1-0

[Event "TCh-MNE Premier"]
[Site "Herceg Novi MNE"]
[Date "2008.08.28"]
[Round "4"]
[White "Milanovic,Sla"]
[Black "Dragasevic,S"]
[Result "1/2-1/2"]
[WhiteElo "2340"]
[BlackElo "2288"]

1.c4 c6 2.d4 d5 3.e3 Nf6 4.Nc3 a6 5.Nf3 e6 6.a3 c5 7.dxc5 Bxc5 8.cxd5 Nxd5
9.Nxd5 Qxd5 10.Qxd5 exd5 11.b4 Be7 12.Bb2 O-O 13.Be2 Nc6 14.O-O Be6 15.Rfd1 Rfd8
16.Rac1 Rac8 17.Nd4 Nxd4 18.Bxd4 Rxc1 19.Rxc1 Rc8 20.Rxc8+ Bxc8 21.Bf3 Be6
22.e4 dxe4 23.Bxe4 Bc8 24.Bc5 Bxc5 25.bxc5 Kf8 26.f4 Ke7 27.Kf2 h6 28.Ke3 Kd8
29.g4 Kc7 30.g5 f6 31.gxh6 gxh6 32.Kf3 b6 33.cxb6+ Kxb6 34.Bd3 Kc5 35.Ke3 a5  1/2-1/2

[Event "UAE President's Cup"]
[Site "Al Ain UAE"]
[Date "2008.08.29"]
[Round "8"]
[White "Mohamed,Ho"]
[Black "Saeed,I"]
[Result "0-1"]
[WhiteElo "2201"]
[BlackElo "2219"]

1.c4 c6 2.Nf3 d5 3.d4 e6 4.Qc2 Nf6 5.g3 dxc4 6.Qxc4 b5 7.Qc2 Bb7 8.Bg2 Nbd7
9.O-O c5 10.Nc3 Qb6 11.dxc5 Bxc5 12.a4 b4 13.a5 Qc7 14.a6 Bxf3 15.Bxf3 Rb8  0-1

[Event "2nd Euwe Stimulans"]
[Site "Sao Paulo BRA"]
[Date "2008.08.29"]
[Round "7"]
[White "Milos,G"]
[Black "Zambrana,O"]
[Result "1/2-1/2"]
[WhiteElo "2598"]
[BlackElo "2458"]

1.c4 c6 2.e4 d5 3.exd5 cxd5 4.d4 Nf6 5.Nc3 e6 6.Nf3 Bb4 7.cxd5 Nxd5 8.Qc2 Nc6
9.Be2 O-O 10.O-O Be7 11.Rd1 Ncb4 12.Qe4 b6 13.Qg4 f5 14.Qh3 Ba6 15.Bxa6 Nxa6
16.Re1 Nac7 17.Nxd5 Qxd5 18.Bf4 Rac8 19.Qg3 Qd7 20.Bxc7 Rxc7 21.Rxe6 Rc2
22.Qe5 Bf6 23.Rd6 Qf7 24.Qb5 Qc4 25.Qxc4+ Rxc4 26.Rd7 Rf7 27.Rd5 Rfc7 28.g3 g6
29.Re1  1/2-1/2

[Event "16th Nikea Open"]
[Site "Athens GRE"]
[Date "2008.09.01"]
[Round "9"]
[White "Pountzas,H"]
[Black "Sergeev,A KAZ"]
[Result "0-1"]
[WhiteElo "2202"]
[BlackElo "2354"]

1.c4 c6 2.Nc3 d5 3.cxd5 cxd5 4.d4 Nf6 5.Nf3 Nc6 6.Bf4 e6 7.e3 Be7 8.Bd3 Bd7
9.Ne5 Qb6 10.O-O O-O 11.Qe2 Rfc8 12.Bg5 Qd8 13.Bxf6 Bxf6 14.Bxh7+ Kf8 15.f4 g6
16.Qg4 Ne7 17.Rf3 Be8 18.h4 Kg7 19.Bxg6 fxg6 20.h5 Bxe5 21.fxe5 Nf5 22.Rh3 Nh6
23.Qxe6 Bf7 24.Qf6+ Qxf6 25.exf6+ Kxf6 26.Rf1+ Kg7 27.hxg6 Bg8 28.Rf4 Rc6
29.Rh5 Rd8 30.Re5 Rd7 31.e4 Rxg6 32.exd5 Ng4 33.Re2 Nf6 34.d6 Nd5 35.Nxd5 Bxd5
36.Re7+ Rxe7 37.dxe7 Re6 38.Rf5 Be4 39.Re5 Rxe5 40.dxe5 Kf7 41.e8=Q+ Kxe8  0-1

[Event "XVI Open"]
[Site "Albacete ESP"]
[Date "2008.09.02"]
[Round "3"]
[White "Pereira,O"]
[Black "Campayo Hernandez,J"]
[Result "0-1"]
[WhiteElo "2026"]
[BlackElo "2123"]

1.c4 c6 2.Nf3 d5 3.cxd5 cxd5 4.g3 Nc6 5.Bg2 Nf6 6.O-O e5 7.d4 e4 8.Ne5 Bd6
9.f4 h5 10.h3 h4 11.g4 Bxe5 12.fxe5 Nxg4 13.hxg4 h3 14.Bxe4 h2+ 15.Kh1 dxe4
16.d5 Nxe5 17.Qa4+ Bd7 18.Qxe4 Qe7 19.Bf4 Nxg4 20.Nc3 Qxe4+ 21.Nxe4 Kf8 22.Nd6 f6
23.e4 Be8 24.Rac1 Bg6 25.Kg2 Kg8 26.Kg3 Ne5 27.Bxe5 fxe5 28.Rh1 Rh6 29.Rxh2 Rxh2
30.Kxh2 Rd8 31.Nxb7 Rb8 32.Rc7 Bxe4 33.d6 Bxb7 34.d7 Ba6 35.Rxa7 Bd3 36.b4 Rd8
37.a4 Bf5 38.b5 Rxd7 39.Ra8+ Kh7 40.a5 Rd2+ 41.Kg1 Rb2 42.b6 Be4 43.Ra7 Kg6
44.Rd7 Kf6 45.Kf1 g5 46.Ke1 g4 47.Rd2 Rxd2 48.Kxd2 Bb7  0-1

[Event "TCh-SRB 1st League"]
[Site "Subotica SRB"]
[Date "2008.09.02"]
[Round "2"]
[White "Simic,R"]
[Black "Bogosavljevic,B"]
[Result "0-1"]
[WhiteElo "2384"]
[BlackElo "2533"]

1.c4 c6 2.d4 d5 3.cxd5 cxd5 4.Nc3 Nf6 5.Bf4 a6 6.Nf3 Nc6 7.Rc1 Bf5 8.e3 e6
9.Bd3 Bxd3 10.Qxd3 Rc8 11.O-O Be7 12.Ne5 O-O 13.Nxc6 Rxc6 14.Ne2 Qb6 15.Rxc6 bxc6
16.b3 Ba3 17.Nc3 Qa5 18.Nb1 Be7 19.Qd2 Qb6 20.Rc1 Rc8 21.Nc3 a5 22.Na4 Qb5
23.Qd1 h6 24.Qf1 Qb7 25.h3 Ne4 26.Rc2 Ba3 27.Be5 Re8 28.f3 f6 29.Bh2 Ng5
30.Qd3 e5 31.Qg6 Re6 32.h4 Nf7 33.Bg3 Qe7 34.Nc5 Bxc5 35.Rxc5 exd4 36.exd4 Re1+
37.Kh2 Re6 38.Rxa5 Qb7 39.Qd3 Re8 40.Qa6  0-1

[Event "XVI Open"]
[Site "Albacete ESP"]
[Date "2008.09.03"]
[Round "4"]
[White "Suba,M"]
[Black "Fenollar Jorda,M"]
[Result "1-0"]
[WhiteElo "2507"]
[BlackElo "2298"]

1.c4 c6 2.e4 d5 3.cxd5 cxd5 4.exd5 Nf6 5.Nc3 Nxd5 6.Nf3 e6 7.Bc4 Be7 8.O-O O-O
9.Re1 Nc6 10.d4 Bf6 11.Ne4 Be7 12.a3 Kh8 13.Qd3 Nf6 14.Nc3 b6 15.Bb3 Bb7
16.Bc2 Rc8 17.d5 exd5 18.Bg5 Ne4 19.Nxe4 dxe4 20.Qxe4 f5 21.Qf4 Bxg5 22.Nxg5 Nd4
23.Rad1 Rxc2 24.Rxd4 Qf6 25.Rd6 Qxb2 26.Qh4  1-0

[Event "ch-POR"]
[Site "Almada POR"]
[Date "2008.09.03"]
[Round "8"]
[White "Dias,P"]
[Black "Diogo,V"]
[Result "0-1"]
[WhiteElo "2440"]
[BlackElo "2294"]

1.c4 c6 2.e4 d5 3.exd5 cxd5 4.cxd5 Qxd5 5.Nc3 Qa5 6.Nf3 Nf6 7.d4 e6 8.Bd3 Be7
9.O-O O-O 10.Bg5 Nc6 11.Qd2 Rd8 12.h4 h6 13.Bf4 b6 14.Bb5 Bb7 15.Bxh6 gxh6
16.Qxh6 Nxd4 17.Qg5+ Kh7 18.Nxd4 Rxd4 19.Qe5 Rg8 20.g3 Rxh4 21.f3 Rh5 22.Qc7 Qb4  0-1

[Event "6th Master Open"]
[Site "Amantea ITA"]
[Date "2008.09.03"]
[Round "5"]
[White "Ambrosanio,R"]
[Black "De Rasis,G"]
[Result "1-0"]
[WhiteElo "1942"]
[BlackElo "1912"]

1.c4 c6 2.Nf3 d5 3.cxd5 cxd5 4.g3 Nc6 5.d4 Nf6 6.Bg2 Bf5 7.O-O e6 8.Nc3 Bd6
9.Bg5 h6 10.Bxf6 gxf6 11.Re1 Bb4 12.Qb3 a5 13.Qa4 Rc8 14.Rac1 Be4 15.a3 Be7
16.Nxe4 dxe4 17.Nd2 f5 18.Nb3 O-O 19.e3 Rb8 20.Qb5 Kh7 21.Rc2 a4 22.Nc5 Qd5
23.Bf1 Rfc8 24.Rec1 b6 25.Nxa4 Nxd4 26.exd4 Rxc2 27.Qxd5 Rxc1 28.Qd7 Bf8
29.Qxf7+ Bg7 30.Qxe6 f4 31.Qxe4+ Kh8 32.Qxf4 Rbc8 33.Kg2 Rd1 34.Nxb6 Rf8
35.Qe4 Bxd4 36.Bd3 Rxf2+ 37.Kh3 Rxd3 38.Qxd3 Bxb6 39.b4 h5 40.a4 Ra2 41.Qg6 Bg1
42.Qxh5+ Kg7 43.Qg5+ Kh8 44.Qf6+  1-0

[Event "XVI Open"]
[Site "Albacete ESP"]
[Date "2008.09.04"]
[Round "6"]
[White "Epishin,V"]
[Black "Fenollar Jorda,M"]
[Result "1/2-1/2"]
[WhiteElo "2574"]
[BlackElo "2298"]

1.c4 c6 2.Nf3 d5 3.d4 Nf6 4.Qb3 dxc4 5.Qxc4 Bf5 6.g3 e6 7.Bg2 Be7 8.O-O Nbd7
9.Bd2 h6 10.Rd1 O-O 11.Be1 Qb6 12.b4 Ne4 13.a3 Rfd8 14.Nbd2 Qb5 15.Rac1 Qxc4
16.Nxc4 Rac8 17.Na5 Rc7 18.Nd2 Nxd2 19.Bxd2 Nb6 20.Bc3 Rcd7 21.Re1 Bf6 22.Nb3 Na4
23.Ba1 Bg6 24.e4 Re8 25.Bf1 Bd8 26.b5 Rc7 27.bxc6 bxc6 28.Na5 Be7 29.Bb5 Bxa3
30.Rxc6 Rec8 31.Re3 Bb4 32.Rxc7 Rxc7 33.Nc6 Nb6 34.d5 exd5 35.Be5 Rxc6 36.Bxc6 Nc4
37.exd5 Nxe3 38.fxe3 Be4 39.Kf2 Bc5 40.Bd4 Bxd4 41.exd4 f5 42.Ke3 Kf7 43.Bd7 Ke7
44.Be6 Kd6 45.g4 a5 46.gxf5 Bxd5 47.Bc8 a4 48.Kd2 a3 49.Kc3 a2 50.Kb2 Ke7
51.h4 Kf6 52.Bd7 g6 53.fxg6 Kxg6 54.Bg4  1/2-1/2

[Event "Open A"]
[Site "Graz SUI"]
[Date "2008.09.04"]
[Round "6"]
[White "Zakharchenko,A"]
[Black "Drnovsek,N"]
[Result "1/2-1/2"]
[WhiteElo "2271"]
[BlackElo "2096"]

1.c4 c6 2.e4 d5 3.exd5 cxd5 4.d4 Nf6 5.Nc3 e6 6.Nf3 Bb4 7.a3 Bxc3+ 8.bxc3 Nbd7
9.cxd5 Nxd5 10.c4 N5f6 11.Bd3 Qc7 12.O-O O-O 13.Bb2 b6 14.Ne5 Bb7 15.Nxd7 Qxd7
16.d5 Qd8 17.dxe6 fxe6 18.Qc2 Qc7 19.Rae1 Qc6 20.f3 Rf7 21.Kh1 Rd8 22.Bxf6 gxf6
23.Be4 Qe8 24.Bxb7 Rxb7 25.Qe4 Re7 26.Rd1 Rxd1 27.Rxd1 Rd7 28.Rxd7 Qxd7 29.h4 Qf7
30.Kh2 Qc7+ 31.Kh3 Qf7 32.Qd4 Qe7 33.a4 Kf7 34.Qe4 Kg7 35.Qc6 Kf7 36.Qa8 Kg7
37.Qc8 e5 38.a5 bxa5 39.c5 Kf7 40.Kh2 a4 41.c6 a3 42.c7 a2 43.Qb8 Qd7 44.Qh8 Qxc7
45.Qxh7+ Kf8 46.Qxc7 a1=Q 47.Qd8+ Kf7 48.Qd7+ Kf8 49.Qe6 e4 50.Qc8+ Kg7 51.Qg4+ Kf7
52.fxe4 Qe5+ 53.g3 Qe6 54.Qh5+ Kg7 55.Qc5 Qxe4 56.Qxa7+  1/2-1/2

[Event "61st ch-RUS HL"]
[Site "Novokuznetsk RUS"]
[Date "2008.09.04"]
[Round "2"]
[White "Maletin,P"]
[Black "Grachev,B"]
[Result "1/2-1/2"]
[WhiteElo "2545"]
[BlackElo "2640"]

1.c4 c6 2.Nf3 d5 3.d4 Nf6 4.Qc2 e6 5.g3 dxc4 6.Qxc4 b5 7.Qb3 Bb7 8.Bg2 Nbd7
9.O-O a6 10.Ne5 Qc8 11.Nxd7 Nxd7 12.Be3 c5 13.Bxb7 Qxb7 14.dxc5 Nxc5 15.Qc2 Nd7
16.a4 Rc8 17.Nc3 b4 18.Qe4 Rc6 19.Na2 Nf6 20.Qf3 Be7 21.Nc1 O-O 22.Nd3 Nd5
23.Rac1 Rxc1 24.Rxc1 Rc8 25.Bd2 b3 26.Rxc8+ Qxc8 27.Nc1 Bb4 28.Nxb3 Bxd2
29.Nxd2 Qc1+ 30.Nf1 Qxb2 31.Qd3 Qb6 32.e4 Nf6 33.Ne3 h6 34.e5 Nh7 35.h4 Nf8
36.h5 Qc6 37.Qc4 Qb7 38.Qd3 Qc6 39.Qc4 Qb7 40.Qd3  1/2-1/2

[Event "TCh-SRB 1st League"]
[Site "Subotica SRB"]
[Date "2008.09.04"]
[Round "4"]
[White "Ostojic,N1"]
[Black "Miljkovic,Mir1"]
[Result "1/2-1/2"]
[WhiteElo "2429"]
[BlackElo "2427"]

1.c4 c6 2.d4 d5 3.Nf3 Nf6 4.Nc3 e6 5.Bg5 h6 6.Bxf6 Qxf6 7.Qb3 dxc4 8.Qxc4 Nd7
9.e4 e5 10.d5 Nb6 11.Qb3 Bg4 12.dxc6 bxc6 13.Be2 Bc5 14.O-O O-O 15.Rac1 Rab8  1/2-1/2

[Event "XVI Open"]
[Site "Albacete ESP"]
[Date "2008.09.05"]
[Round "8"]
[White "Pogorelov,R"]
[Black "Sriram,J"]
[Result "1/2-1/2"]
[WhiteElo "2459"]
[BlackElo "2429"]

1.c4 c6 2.d4 d5 3.cxd5 cxd5 4.Nc3 Nf6 5.Bf4 Nc6 6.e3 a6 7.Bd3 Bg4 8.Nge2 e6
9.f3 Bh5 10.g4 Bg6 11.h4 Bd6 12.Kf2 O-O 13.h5 Bxd3 14.Qxd3 Bxf4 15.Nxf4 h6
16.Nce2 Nh7 17.Rac1 Rc8 18.Qd2 Ng5 19.Kg2 f5 20.gxf5 Rxf5 21.b4 Ne7 22.Rc5 b6
23.Rc3 Qd7 24.Rhc1 Rff8 25.Rxc8 Rxc8 26.Rxc8+ Qxc8 27.Qc3 Qd7 28.Ng3 Kh7
29.Qc2+ Kg8 30.Qc3 Kh7 31.Qc2+ Kg8  1/2-1/2

[Event "61st ch-RUS HL"]
[Site "Novokuznetsk RUS"]
[Date "2008.09.05"]
[Round "3"]
[White "Khismatullin,D"]
[Black "Lintchevski,D"]
[Result "0-1"]
[WhiteElo "2613"]
[BlackElo "2506"]

1.c4 c6 2.e4 d5 3.exd5 cxd5 4.d4 Nf6 5.Nc3 g6 6.cxd5 Bg7 7.Qb3 O-O 8.Nge2 Na6
9.Nf4 Qb6 10.Bc4 Qxd4 11.Be3 Qe5 12.Nd3 Qf5 13.h3 Nc7 14.O-O b5 15.Nxb5 Nxb5
16.Bxb5 Nxd5 17.g4 Qf3 18.Ne1 Qxh3 19.Qxd5 Rb8 20.Bc6 Ba6 21.Qg2 Bxf1 22.Kxf1 Qxg2+
23.Bxg2 Bxb2 24.Rd1 Rfd8 25.Rd3 a6 26.Ke2 e5 27.g5 Bd4 28.Ra3 Rb2+ 29.Kf3 Bxe3
30.Kxe3 Rdd2 31.Bf3 Rxa2 32.Rxa6 Rxa6 33.Kxd2 h6 34.Nd3 Ra5 35.gxh6 Kh7 36.Bc6 Kxh6
37.Ke3 f5 38.f3 Kg5 39.Be8 Ra3 40.Ke2 Kf6 41.Bc6 Rc3 42.Bb7 Rc2+ 43.Ke1 Rc7
44.Ba6 Ke6 45.Kd2 Kd5 46.Nb4+ Kc5 47.Nc2 Rh7 48.Bd3 Rh3 49.Be2 Rh4 50.Bd3 Ra4
51.Ke3 Kd5 52.Bb5 Ra8 53.Bd3 Rb8 54.Kd2 Ke6 55.Ne3 Rb2+ 56.Ke1 Kf6 57.Nc4 Rh2
58.Kf1 Ra2 59.Ke1 Kg5 60.Nxe5 Kf4 61.Nxg6+ Ke3 62.Kf1 Kxd3 63.Nh4 f4 64.Ng2 Rxg2  0-1

[Event "5th LGA Premium Cup"]
[Site "Nuernberg GER"]
[Date "2008.09.05"]
[Round "2"]
[White "Fischer,Eri"]
[Black "Walter,Man"]
[Result "1/2-1/2"]
[WhiteElo "2205"]
[BlackElo "1858"]

1.c4 c6 2.d4 d5 3.e3 Nf6 4.Nc3 a6 5.Nf3 b5 6.cxd5 cxd5 7.Bd3 Bg4 8.Qc2 e6
9.Ne5 Bh5 10.O-O Nbd7 11.Nxd7 Qxd7 12.f3 Rc8 13.Qf2 Be7 14.Ne2 Bg6 15.Nf4 Bxd3
16.Nxd3 O-O 17.Bd2 Bd6 18.Rfc1 Rxc1+ 19.Rxc1 Rc8 20.Qe1 Rxc1 21.Qxc1 Qc7
22.Qxc7 Bxc7 23.Nc5 a5 24.a3 a4 25.Na6 Bd6 26.Ba5 Ne8 27.h3 Kf8 28.Bd8 Be7
29.Ba5  1/2-1/2

[Event "5th LGA Premium Cup"]
[Site "Nuernberg GER"]
[Date "2008.09.05"]
[Round "2"]
[White "Baeuml,U"]
[Black "Heinzel,O"]
[Result "0-1"]
[WhiteElo "2121"]
[BlackElo "2386"]

1.c4 c6 2.g3 d5 3.Bg2 Nf6 4.Nf3 Nbd7 5.d4 e6 6.Nbd2 Bd6 7.O-O O-O 8.Qc2 Qe7
9.e4 Nxe4 10.Nxe4 dxe4 11.Qxe4 e5 12.dxe5 Nxe5 13.Bf4 Nxf3+ 14.Qxf3 Be6 15.b3 a5
16.Rad1 Bxf4 17.Qxf4 a4 18.Be4 Qa3 19.Rd3 Qxa2 20.g4 Qe2 21.Rh3 h6 22.Bf3 Qb2
23.Be4 a3 24.Bd3 a2 25.Qe4 Rfd8  0-1

[Event "5th LGA Premium Cup"]
[Site "Nuernberg GER"]
[Date "2008.09.05"]
[Round "3"]
[White "Noeckler,A"]
[Black "Nabavi,P"]
[Result "1-0"]
[WhiteElo "1984"]
[BlackElo "2164"]

1.c4 c6 2.Nc3 d5 3.cxd5 cxd5 4.d4 Nf6 5.Nf3 e6 6.Bf4 Be7 7.e3 O-O 8.Bd3 Nc6
9.Ne5 Bd7 10.O-O Rc8 11.Rc1 a6 12.Bb1 b5 13.Qd3 g6 14.h3 Nxe5 15.Bxe5 b4
16.Ne2 Bb5 17.Qd2 Qd7 18.f3 Qa7 19.Bd3 Bxd3 20.Qxd3 Nd7 21.Bg3 Qb6 22.Rc2 Bd6
23.Bxd6 Qxd6 24.Rfc1 Rxc2 25.Rxc2 Ra8 26.Qd2 Nb6 27.Qc1 Qd8 28.b3 Rc8 29.Rxc8 Qxc8
30.Qxc8+ Nxc8 31.Nc1 Na7 32.Kf2 Kf8 33.e4 Ke7 34.Ke3 f6 35.Kd3 Kd6 36.Ne2 Nc6
37.Ng3 Ne7 38.Nf1 Nc6 39.Ne3 f5 40.e5+ Kd7 41.Nc2 a5 42.f4 Na7 43.a3 bxa3
44.Nxa3 Kc6 45.Nc2 Kb5 46.Kc3 Nc6 47.Ne1 h6 48.Nd3 Nd8 49.Nc5 g5 50.g3 gxf4
51.gxf4 Kc6 52.Kb2 h5 53.Ka3 h4 54.Ka4 Kb6 55.Nd7+ Ka6 56.Nf8 Kb6 57.b4 axb4
58.Kxb4 Kc6 59.Ka5 Nb7+ 60.Kb4 Nd8 61.Ng6 Kd7 62.Nxh4 Nf7  1-0

[Event "Masters"]
[Site "Trieste ITA"]
[Date "2008.09.05"]
[Round "7"]
[White "Rukavina,J"]
[Black "Mufic,Go"]
[Result "1/2-1/2"]
[WhiteElo "2414"]
[BlackElo "2298"]

1.c4 c6 2.Nc3 d5 3.cxd5 cxd5 4.d4 Nf6 5.Bf4 Nc6 6.e3 a6 7.Bd3 Bg4 8.f3 Bh5
9.Nge2 e6 10.g4 Bg6 11.h4 Bxd3 12.Qxd3 Be7 13.Kf2 Rc8 14.Bg3 O-O 15.Rac1 b5
16.Kg2 Qa5 17.Qd1 Rfd8  1/2-1/2

[Event "3rd XtraCon EMT"]
[Site "Borup DEN"]
[Date "2008.09.06"]
[Round "3"]
[White "Krogh,P"]
[Black "Gajic,Ml"]
[Result "0-1"]
[WhiteElo "1989"]
[BlackElo "2135"]

1.c4 c6 2.Nf3 Nf6 3.e3 d5 4.Nc3 e6 5.Qc2 Nbd7 6.d4 Bd6 7.e4 dxe4 8.Nxe4 Nxe4
9.Qxe4 Nf6 10.Qc2 c5 11.Be3 Qa5+ 12.Bd2 Qc7 13.Bd3 b6 14.Bc3 Bb7 15.dxc5 Bxc5
16.Bxf6 gxf6 17.Be4 Bb4+ 18.Ke2 O-O-O 19.Rhd1 f5 20.Bxb7+ Kxb7 21.a3 Bd6
22.g3 Rc8 23.Rac1 Bf8 24.Qc3 Rg8 25.Qe5 Bg7 26.Qxc7+ Rxc7 27.Rc2 Rgc8 28.b3 b5
29.Nd4 bxc4 30.Nb5 cxb3 31.Rxc7+ Rxc7 32.Nxc7 Kxc7 33.Kd3 Kb6 34.Kc4 b2 35.Kb3 Kc5
36.Kc2 Bd4 37.f3 f6 38.h3 h5 39.Rd3 e5 40.g4 hxg4 41.hxg4 fxg4 42.fxg4 e4
43.Rb3 a5 44.a4 Kc4 45.Rb7 e3 46.Rb5 e2 47.Kd2 Bc3+ 48.Kxe2 Bb4  0-1

[Event "3rd XtraCon EMT"]
[Site "Borup DEN"]
[Date "2008.09.06"]
[Round "3"]
[White "Jacobsen,Bo"]
[Black "Knudsen,Ole NOR"]
[Result "1-0"]
[WhiteElo "2323"]
[BlackElo "2028"]

1.c4 c6 2.Nf3 d5 3.g3 e6 4.Bg2 Nf6 5.O-O Be7 6.b3 O-O 7.d3 Nbd7 8.Bb2 Re8
9.Nbd2 Bf8 10.Qc2 e5 11.e3 dxc4 12.bxc4 Qc7 13.Rfe1 b6 14.d4 Bd6 15.dxe5 Nxe5
16.Nd4 Bb7 17.a3 Rad8 18.f4 Neg4 19.Nf1 Bc5 20.Rad1 Bxd4 21.exd4 Bc8 22.h3 Nh6
23.Re5 Rxe5 24.fxe5 Ne8 25.Qe4 f6 26.Ne3 fxe5 27.d5 cxd5 28.Nxd5 Qc5+ 29.Kh2 Nf7
30.Bxe5 Nxe5 31.Qxe5 Kh8 32.Rf1 Nd6 33.Qe7 Rg8 34.Nf6  1-0

[Event "5th LGA Premium Cup"]
[Site "Nuernberg GER"]
[Date "2008.09.06"]
[Round "5"]
[White "Pribyl,Jo"]
[Black "Braun,A"]
[Result "0-1"]
[WhiteElo "2397"]
[BlackElo "2533"]

1.c4 c6 2.e4 d5 3.exd5 cxd5 4.d4 Nf6 5.Nc3 e6 6.Nf3 Bb4 7.cxd5 Nxd5 8.Bd2 Nc6
9.Bd3 O-O 10.O-O Be7 11.Re1 Bf6 12.Be3 Nxe3 13.fxe3 g6 14.a3 b6 15.Qe2 a6
16.Rac1 Bb7 17.Be4 Rc8 18.Red1 Bg7 19.h4 Qe7 20.h5 g5 21.Na4 g4 22.Nxb6 gxf3
23.Qxf3 Nxd4 24.exd4 Rxc1 25.Rxc1 Bxd4+ 26.Kf1 Bxe4 27.Qg4+ Kh8 28.Qxe4 Qf6+
29.Ke2 Bxb6  0-1

[Event "XXV Aniversario"]
[Site "Parla ESP"]
[Date "2008.09.06"]
[Round "1"]
[White "Sanchez Gonzalez,S"]
[Black "Diaz Begonte,M"]
[Result "1-0"]
[WhiteElo "2228"]
[BlackElo "1855"]

1.c4 c6 2.e4 d5 3.cxd5 cxd5 4.exd5 Qxd5 5.Nc3 Qd8 6.Nf3 e6 7.d4 Nf6 8.Bc4 Be7
9.O-O O-O 10.Re1 Nbd7 11.a3 a6 12.Ba2 b5 13.d5 exd5 14.Nxd5 Re8 15.Ng5 Nxd5
16.Qxd5  1-0